000
00217 a2200097 4500
001
39950
100
_a
Raychoudhry, S C
245
_a
History of Mughals
260
_a
Dehl
_b
Surjeet Publishe
_c
090
_c
24940
_d
24940
942
_a
NUST-CAE
_c
M
_c
16603
999
_c
275023
_d
275023